แสดงรายละเอียดบรรณานุกรม
  กลับหน้าหลัก

Brief Record : Get Marc (ISO 2709) : E-mail record : QR code ปิดหน้าต่าง
E-books : เกี่ยวกับ Collections
LEADER 00000nam 2200000uu 4500
008    120921s2011||||th 000 0 eng d
024    ^a9780781793865
040    ^abcnkk
041 0  ^aeng
060 04 ^aWY100^bT239f 2011
100 1  ^aTaylor, Carol.
245 10 ^aFundamentals of nursing :^bthe art & science of nursing care /^cCarol Taylor, Carol Lillis, Priscilla LeMone
246 0  ^aตำราการพยาบาลพื้นฐาน
250    ^a7th ed.
260    ^aPhiladelphia :^bLippincott,^c2011
300    ^avii, 424 p. :^bill.
650  4 ^aNursing
650  4 ^aHealth Promotion
650  4 ^aNursing Process
650  4 ^aตำราการพยาบาลพื้นฐาน
700 1  ^aLillis, Carol
700 1  ^aLeMone, Priscilla
999    ^aใช้งานได้ทุกระบบ
รายการนี้ยังไม่มีแท็ก
คุณยังไม่ได้ล็อกอิน คุณสามารถมีกิจกรรมร่วมกับเว็บไซต์ได้ แต่ต้องล็อกอินก่อน ::
  ล็อกอิน
ลำดับที่ ประเภท เลขเรียก สถานที่ สถานะ
1. การพยาบาล (ตำราหลัก)
การพยาบาล (ตำราหลัก)
WY100 T239f 2011  
  
การพยาบาลพื้นฐาน On Shelf
  ขอยืม
Note:หนังสือภาษาอังกฤษ
   [แสดง 1/1 รายการ]

รายการใกล้เคียง
    หัวเรื่อง [Nursing]
    หัวเรื่อง [Health Promotion]
    หัวเรื่อง [Nursing Process]
    หัวเรื่อง [ตำราการพยาบาลพื้นฐาน]

BibComment


ยังไม่เคยถูกคอมเมนท์

คอมเมนท์ทรัพยากรรายการนี้
  คอมเมนท์: Fundamentals of ..
Bib 208191

 
 
 

 Union Library Management : ULibM
Copyright 2026. All Rights Reserved.
скачать бесплатно без регистрации порно красивый секс HD Sex Hindi sex

xxx gou

xxxx

bfxxx

xxxwww

Секса Видео

xxxx

Секса Видео

detube

geilexxx

C99 Shell

worms shell

blod xxx video
Ebony Coed Rihanna Rimes Takes A Dick In Her Young Twat priyaa indian fuck anal and pusssy hardcore indian women xxx desi hardcore fucking part 1 bengalixxxcouple